000 00467nam a2200181Ia 4500
001 9860
005 20260306161749.0
008 260306t2002||||xx |||||||||||||| ||spa||
041 _aESP
082 _a801.95
_bH82
100 _aHuamán V., Miguel Ángel (Comp.)
_eAUT
245 0 _aLecturas de teoría literaria I:
_b(cuadernos pedagógicos)
260 _c2002
300 _a129 páginas :
_c23 cm.
650 _aGEN
654 _aCHU
942 _cLIB
_dJUS
_fJUS
_2ddc
_n
999 _c9860
_d9860